banner-ar

HETEL CATERING AND TOUNISM MANAGEMENT (Record no. 17015)

MARC details
000 -الفاتح
حقل البيانات ثابتة الطول 00284nam a2200109Ia 4500
008 - عناصر البيانات ثابتة الطول - معلومات عامة
حقل البيانات ثابتة الطول 140319s9999 xx 000 0 eng d
040 ## - مصدر الفهرسة
وكالة الفهرسة الأصلية GCL /
وكالة النسخ GCL
082 04 - رقم تصنيف ديوى العشرى
رقم التصنيف 338.4791
رقم المادة H H
245 10 - بيان العنوان
العنوان HETEL CATERING AND TOUNISM MANAGEMENT
260 ## - PUBLICATION, DISTRIBUTION, ETC. (IMPRINT)
-- [S.N] :
-- A AND C BLACK LIMITED
Holdings
حالة التراجع حالة الفقد حالة تلف ليس للاعارة المكان المؤقت الموقع الحالى تاريخ الاكتساب اجمالي اﻻعارات رقم الطلب الباركود تاريخ اخر مشاهدة تاريخ تفعيل السعر نوع وعاء كوها
        مكتبة القاهرة الكبرى مكتبة القاهرة الكبرى 03/26/2014   338.4791\H H 30728 03/26/2014 03/26/2014 كتاب

Powered By

EGPV